000 00350nam a2200145Ia 4500
008 191201s2007 xx 000 0 und d
082 _a004.6
_bUYD
100 _aUYLESS D.Black
245 0 _aData Communication and Distributed Networks
250 _a3rd
260 _aN.Delhi
_bPHI
_c2007
300 _a426
650 _aB.Tech(IT)
942 _2ddc
_cBK
999 _c2936
_d2936